| 000 | 00437nam a2200157Ia 4500 | ||
|---|---|---|---|
| 999 |
_c20326 _d20326 |
||
| 003 | OSt | ||
| 005 | 20200708142250.0 | ||
| 008 | 190216s9999||||xx |||||||||||||| ||und|| | ||
| 040 | _coclc | ||
| 082 |
_a940.28 _bDAV/E |
||
| 100 |
_aThomson, David _93462 |
||
| 245 | 0 |
_aEurope Since Napoleon / _cThomson David |
|
| 260 |
_bPenguin Books, _c1957. |
||
| 300 | _a1003p | ||
| 942 |
_cBK _2ddc _h940.28 _iDAV/E _k940.28 _mDAV/E |
||